Central Library and Information Centre
Sibsagar Girls' College, Sivasagar : Assam

INTRODUCTION TO STUDY OF ENGLISH LITERATURE (Record no. 2895)

MARC details
000 -LEADER
fixed length control field 00548cam a2200193ua 4500
008 - FIXED-LENGTH DATA ELEMENTS--GENERAL INFORMATION
fixed length control field 161025n II |||gr||||Z||||||eng
040 ## - CATALOGING SOURCE
Original cataloging agency MAIN
041 ## - LANGUAGE CODE
-- English
082 ## - DEWEY DECIMAL CLASSIFICATION NUMBER
Classification number 820 IYE
100 ## - MAIN ENTRY--PERSONAL NAME
Personal name IYENGER,SRINIVASA K.K.,
Relator term AUTHOR.,
245 ## - TITLE STATEMENT
Title INTRODUCTION TO STUDY OF ENGLISH LITERATURE
260 ## - PUBLICATION, DISTRIBUTION, ETC.
Place of publication, distribution, etc. NEW DELHI:
Name of publisher, distributor, etc. STERLING PUBLISHERS,
Date of publication, distribution, etc. 2004.
300 ## - PHYSICAL DESCRIPTION
Extent 296:
Dimensions 22CM.
700 ## - ADDED ENTRY--PERSONAL NAME
Personal name IYENGER,SRINIVASA K.K.,
Relator term AUTHOR.,
700 ## - ADDED ENTRY--PERSONAL NAME
Personal name NANDAKUMAR, PREMA.,
Relator term AUTHOR.
942 ## - ADDED ENTRY ELEMENTS (KOHA)
Koha item type Books
653 ## - INDEX TERM--UNCONTROLLED
Uncontrolled term English.& Old English literatures
Holdings
Withdrawn status Lost status Damaged status Not for loan Collection code Home library Current library Shelving location Date acquired Full call number Barcode Date last seen Copy number Price effective from Koha item type Public note
        TBENG Central Library and Information Centre Sibsagar Girls College Central Library and Information Centre Sibsagar Girls College ENGLISH BOOK RACK 01.08.2006 820 IYE 21102 27.02.2020 1 27.02.2020 Books V
        REFENG Central Library and Information Centre Sibsagar Girls College Central Library and Information Centre Sibsagar Girls College ENGLISH REFERENCE RACK 01.08.2006 820 IYE 21103 27.02.2020 2 27.02.2020 Books V


Sibsagar Girl's College © 2020. All rights reserved.
Powered by Koha.
Maintained by Abhijit Borpuzari.